Регионална библиотека "Любен Каравелов" - Русе

Експедиция REcycle (Запис номер 178257)

MARC детайли
000 -Лидер
Контролно поле с фиксирана дължина 01424nam a2200361 c 4500
003 - Код на организацията, давaща контролен номер
Контролно поле BLK
005 - Дата и час на последна редакция
Контролно поле 20240803132409.0
008 - Елементи от данни с фиксирана дължина
fixed length control field 180411b bul|||||r ||||||| ||bul||
010 ## - Наследен системен номер
LC control number KNG00186962000
020 ## - Международен стандартен номер на книга ISBN
Международен стандартен номер на книга ISBN 978-954-9535-81-5
-- издат.: Вакон
040 ## - Източник на каталожния запис
Идентификатор на билиотеката - собственик на записа BLK
041 ## - Код за език
Код за езика на текст/звукозапис или на отделно заглавие Български
Код за езика КДБФ Български
072 #7 - Код за тематичната категория
Код организация bullib
Код за тематична категория Н84
Текст Българска художествена литература Н
080 ## - УДК
Текстов определител УДК Българска литература
УДК код - определител по УДК 821.163.2
УДК определител -992
УДК - код + определител 821.163.2-992
100 1# - Редна дума - Автор
Автор Стоянов, Вячеслав
Авторска отговорност първи автор
R(LIN) 341316
139 ## - Редно поле
Редна дума Стоянов, Вячеслав
Авторски знак Стоя - С 83
245 10 - Сведения за заглавието
Заглавие Експедиция REcycle
Подзаглавни данни Обиколка на Черно море с колело, 6000 км за 45 дни
Редно поле (дума) Вячеслав Стоянов.
257 ## - Страна на издаване
Страна на създаване/издаване България
260 ## - Област на издателските данни
-- София
Име на издателя, разпространителя и проч. Вакон
Година на издаване 2014
Печатница София : Алианс принт
300 ## - Физическа характеристика
Страници 232 с.
Илюстрации и др. с ил., портр.
Размери/Мащаб 21 см
380 ## - Жанр
Жанр Худож. лит.
490 1# - СЕРИИ (Колекции)
Име на серия Пътешествия и приключения
500 ## - Общи забележки
Забележка Биогр. данни за авт.
651 #4 - Допълнително описание по предмет - топоним
Географско понятие Черноморие
9 (RLIN) 260379
653 ## - Ключова дума – ненормативна
Ключова дума пътеводители
659 ## - Тематичен бюлетин
Тематичен бюлетин Н
852 ## - Местоположение
Форматна сигнатура Цб 279848
856 4# - Електронен адрес и достъп
Електронен формат pdf - файл
Път до файла /url/
856 4# - Електронен адрес и достъп
Електронен формат pdf - файл
Път до файла /url/
942 ## - АРТИКУЛИ
Вид на библиотечния материал Книги
Скрит в OPAC Не
Koha issues (borrowed), all copies 3
944 ## - СЪЗДАВАНЕ И РЕДАКЦИЯ на ЗАПИСА
Създаване/Редакция Създаване
Дата на регистрацията/редакция 09.03.2016
Статус, дата на статуса Моника Янева
Служител, извършил регистрацията/редакцията 30570
944 ## - СЪЗДАВАНЕ И РЕДАКЦИЯ на ЗАПИСА
Създаване/Редакция Редакция
Дата на регистрацията/редакция 12.01.2017
Статус, дата на статуса ф /
Служител, извършил регистрацията/редакцията Людмила_Стоянова
999 ## - СИСТЕМНИ КОНТРОЛНИ НОМЕРА
Koha biblionumber 178257
Koha biblioitemnumber 178257
Наличности
Код за отписване Код за изгубен артикул Код за повреда Коз за рестрикции Код за отдаване Артикулен № Име на библиотеката - собственик Име на библиотеката, в която се намира в момента Статус (Текущо местоположение) Дата на вписване в системата Местоположение - отдел Цена в лева Инвентарен номер Систематично азбучна сигнатура Баркод Номер на екземпляра Цена в евро Служебна бележка Служебен тип на артикула
  Не е изгубен Не е повреден без рестрикции ползва се в читалня 306172 Регионална библиотека "Любен Каравелов" Русе Регионална библиотека "Любен Каравелов" Русе Хранилище 2016-03-09 Хранилище 15.00 120000798694 Цб 279848 120000798694 1 7.67 Дост: Dp Вид: Д N: 7 Дата: 01.02.2016 Книги
  Не е изгубен Не е повреден без рестрикции заемане за дома 306173 Регионална библиотека "Любен Каравелов" Русе Регионална библиотека "Любен Каравелов" Русе Заемна - подръчен фонд 2016-12-21 Заемна - подръчен фонд 5.00 120000806829 П 886.7-9/С 83 120000806829 2 2.56 Дост: Pk Вид: Ф N: 475 Дата: 19.12.2016 Дата инв: 12.02.2018 Бележки инв: П2018 Книги
Vip Innovations Ltd, Rousse, Bulgaria 2025